000 00525nam a2200193Ki 4500
999 _c1212
_d1212
001 6006569
003 OSt
005 20180908141500.0
008 800221s1945 miu 000 0 eng d
040 _aCDC
_cCDC
082 _a266
_bG612C
092 _a266.51
_bG612
100 1 _aGoforth, Rosalind,
_d1864-
245 1 0 _aChinese diamonds for the King of Kings /
_cBy Rosalind Goforth
260 _aGrand Rapids :
_bZondervan Publishing House,
_c1945
300 _a123 p. ;
_c21cm
650 0 _aMissions
_zChina
942 _2ddc
_cBK